The Pink Panther Movies - Statistics

General Stats
  • This quiz has been taken 16 times
  • The average score is 9 of 11
Answer Stats
Picture Answer % Correct
The Pink Panther
100%
The Pink Panther
100%
The Pink Panther Strikes Again
100%
Revenge of the Pink Panther
89%
The Pink Panther 2
89%
The Return of the Pink Panther
78%
Trail of the Pink Panther
78%
A Shot in the Dark
67%
Inspector Clouseau
56%
Son of the Pink Panther
56%
Curse of the Pink Panther
44%
No matching quizzes found
Score Distribution
Percent of People with Each Score
Percentile by Number Answered
Your Score History
You have not taken this quiz